01033 2200325 4500001002100000005001500021035002000036007000300056008004100059020002200100040002200122082001400144084001600158090002000174090002200194100003400216245012600250250003400376300004900410650002500459700003900484850001200523041000800535504003200543264003600575336002100611337003000632338002300662990002200685INLIS00000000084764020190522093522 a0010-0519000975ta190522s2018 yoif fr| | ind|d a978-602-475-853-0 aYOPDYOGbinderda04223a959.8 a959.8 JOK s aDEP 959.8 JOK s aCB-D.11 2018-24400 aJoko Darmawand1956-epenulis10a"Sandyakala" :bdi Tatar Sunda dan runtuhnya imperium Hindu-Budha Majapahit /cpenulis, Joko Darmawan, Rita Wigira Astuti aCetakan pertama, Oktober 2018 axiv, 105 halaman :bIlustrasi, foto ;c23 cm 4aSejarah--zIndonesia aRita Wigira Astutid1963-epenulis aYOPDYOG0 aind aBibliografi: halaman 99-10134aYogyakarta :bDeepublish,c2018 2rdacontentateks 2rdamediaatanpa perantara 2rdacarrieravolume aCB-D.11/2018-2440